Why has poverty increased in Zimbabwe? (Record no. 61750)

MARC details
000 -LEADER
fixed length control field 00772nam a2200217 a 4500
008 - FIXED-LENGTH DATA ELEMENTS--GENERAL INFORMATION
fixed length control field 071112s2002 ||||||||||||||||| || u
020 ## - INTERNATIONAL STANDARD BOOK NUMBER
International Standard Book Number 0821350331
050 ## - LIBRARY OF CONGRESS CALL NUMBER
Classification number HC 910.Z9 Alw
100 ## - MAIN ENTRY--PERSONAL NAME
Personal name Mills, Bradford F
245 10 - TITLE STATEMENT
Title Why has poverty increased in Zimbabwe?
260 ## - PUBLICATION, DISTRIBUTION, ETC.
Place of publication, distribution, etc. Washington, D.C.
Name of publisher, distributor, etc. World Bank
Date of publication, distribution, etc. 2002
350 ## - PRICE (NR) (BK AM CF MU VM SE) [OBSOLETE]
Price 0.00
490 ## - SERIES STATEMENT
Series statement Poverty dynamics in Africa
650 ## - SUBJECT ADDED ENTRY--TOPICAL TERM
Topical term or geographic name entry element POVERTY--ZIMBABWE
650 ## - SUBJECT ADDED ENTRY--TOPICAL TERM
Topical term or geographic name entry element POVERTY--ZIMBABWE--ECONOMETRIC MODELS
650 ## - SUBJECT ADDED ENTRY--TOPICAL TERM
Topical term or geographic name entry element POVERTY--ZIMBABWE--STATISTICS
700 ## - ADDED ENTRY--PERSONAL NAME
Personal name Taruvinga, Nelson
700 ## - ADDED ENTRY--PERSONAL NAME
Personal name Alwang, Jeffrey
710 ## - ADDED ENTRY--CORPORATE NAME
Corporate name or jurisdiction name as entry element World Bank
995 ## - RECOMMENDATION 995 [LOCAL, UNIMARC FRANCE]
-- 0.00
-- CBU-MAIN LIBRARY (Kitwe)
-- 1
-- 0.00
-- 1
-- AVAILABLE
-- Nov 12, 2007
-- Main Library Open Access Collection
Holdings
Withdrawn status Lost status Source of classification or shelving scheme Damaged status Not for loan Home library Current library Shelving location Date acquired Total Checkouts Full call number Barcode Date last seen Price effective from Koha item type
          CBU-MAIN LIBRARY, KITWE. CBU-MAIN LIBRARY, KITWE.   11/30/2022   HC 910.Z9 Alw 46230 11/30/2022 11/30/2022 MONOGRAPH